Statistics for Does He Know? - One Direction (All Lyrics)

Click here to take the quiz!

General Stats

  • This quiz has been taken 11 times
  • The average score is 234 of 285

Answer Stats

Answers% Correct
at
100%
baby
100%
back?
100%
can
100%
Does
100%
go
100%
He
100%
he
100%
I
100%
know?
100%
know
100%
like
100%
move
100%
never
100%
Oh
100%
on
100%
So
100%
so
100%
that?
100%
that
100%
the
100%
to
100%
when
100%
Whoa
100%
you
100%
and
80%
bad?
80%
face
80%
in
80%
is
80%
it
80%
look
80%
me
80%
mine
80%
out
80%
secret
80%
smile
80%
tattoo
80%
way
80%
who
80%
you'll
80%
Your
80%
your
80%
you're
80%
about
60%
all
60%
alone
60%
are
60%
but
60%
But
60%
change
60%
dance
60%
every
60%
favorite
60%
how
60%
knows
60%
no
60%
of
60%
see
60%
tell
60%
then
60%
Tonight
60%
turn
60%
want
60%
Yeah
60%
away
40%
band
40%
everything
40%
front
40%
girl
40%
head
40%
He'll
40%
He's
40%
Inside
40%
keep
40%
let
40%
make
40%
memorized
40%
moods
40%
not
40%
part
40%
sing
40%
songs
40%
there
40%
things
40%
toe
40%
trying
40%
friends
20%
hiding
20%
little
20%
there's
20%
around
0%
catch
0%
eye
0%
lie
0%

Score Distribution

Percentile by Number Answered

Percent of People with Each Score

Your Score History

You have not taken this quiz